Přehled užité matematiky 2

Na minha lista:
Detalhes bibliográficos
Autor principal: Rektorys, Karel
Formato: Livro
Idioma:tcheco
Publicado em: Praha Stát. nakl. techn. lit. 1988
Edição:5. nezměn. vyd.
Colecção:Česká Matice technická Roč.93 (1988). Č. spisů 437
Tags: Adicionar Tag
Sem tags, seja o primeiro a adicionar uma tag!

MARC

LEADER 00000nam a2200000 4500
001 c031102
005 20250708112059.3
041 0 |a cze 
044 |a CZ 
245 1 0 |a Přehled užité matematiky 2  |c Karel Rektorys a kol. 
250 |a 5. nezměn. vyd. 
264 1 |a Praha  |b Stát. nakl. techn. lit.  |c 1988 
300 |a S.609-1137 
490 1 |a Česká Matice technická  |v Roč.93 (1988). Č. spisů 437 
830 0 |a Česká Matice technická  |v Roč.93 (1988). Č. spisů 437 
100 1 |a Rektorys, Karel